Last 15 Managers of Bayern Munich - Statistics

General Stats
  • This quiz has been taken 1,017 times
  • The average score is 9 of 15
Answer Stats
Answer % Correct
Vincent Kompany
94%
Pep Guardiola
93%
Hansi Flick
89%
Thomas Tuchel
85%
Carlo Ancelotti
84%
Julian Nagelsmann
81%
Louis van Gaal
72%
Niko Kovač
70%
Jupp Heynckes
67%
Jürgen Klinsmann
42%
Giovanni Trapattoni
41%
Ottmar Hitzfeld
36%
Willy Sagnol
25%
Felix Magath
24%
Andries Jonker
13%
No matching quizzes found
Score Distribution
Percent of People with Each Score
Percentile by Number Answered
Your Score History
You have not taken this quiz